000 00474nam a2200193Ia 4500
005 20250423094755.0
008 250422s9999 xx 000 0 und d
020 _a9780323028394
050 _aRT 51 .P47/
100 _aPerry, Anne Griffin
245 0 _aClinical nursing skills and techniques
250 _a6th ed.
260 _aMissouri
260 _bElsevier
260 _c2006
300 _a1611 p
650 _a Nursing--Handbooks, manuals, etc.
942 _cBK
999 _c28254
_d28254